000 00690nam a22002297a 4500
999 _c6003
_d6003
001 2729
003 BD-DhUAP
005 20201223132002.0
008 201223s1995 ii a|||| |||| 001 0 eng d
020 _a8173190453
040 _aBD-DhUAP
_bEng
_cBD-DhUAP
_dBD-DhUAP
082 _223
_a628.3 WAS
245 _aWaste treatment plants /
_cedited by C. A. Sastry, M. A. Hashim and P. Agamuthu.
260 _aNew Delhi, India :
_bNarosa Pub. House,
_c©1995.
300 _aix, 435 pages :
_billustrations ;
_c25 cm.
500 _aIncludes index.
650 _aSewage disposal plants.
700 _aSastry, C. A.
700 _aHashim, M. A.
700 _aAgamuthu, P.
942 _2ddc
_cBK